| 000 | 00594nam a2200181Ia 4500 | ||
|---|---|---|---|
| 005 | 20251006225557.0 | ||
| 008 | 251006t1999||||xx |||||||||||||| ||und|| | ||
| 040 | _aCBC | ||
| 100 | _aRamírez Bacca, Renzo | ||
| 245 | _aFormación de una hacienda cafetera: mecanismos de organización empresarial y relaciones administrativo-laborales : el caso de La Aurora (LÍbano-Colombia), 1882-1907 | ||
| 300 | _ap. 83-115 | ||
| 650 | _aCAFE | ||
| 650 | _aHACIENDA | ||
| 650 | _aRELACIONES LABORALES | ||
| 651 | _aCOLOMBIA | ||
| 773 | _aCuadernos de desarrollo rural No. 42 (1999) | ||
| 942 | _tMJCh | ||
| 999 |
_c13475 _d13475 |
||